| 000 | 00852nam a22001937a 4500 | ||
|---|---|---|---|
| 999 |
_c3550 _d3550 |
||
| 003 | AR-CdUCM | ||
| 008 | 190306b ||||| |||| 00| 0 spa d | ||
| 040 |
_aMUNICIPALIDAD PROVINCIAL DEL CUSCO _cBIBLIOTECA MUNICIPAL DEL CUSCO |
||
| 082 |
_a330.0711 / _bP26 |
||
| 100 |
_aParedes Valverde, Yolanda _911630 |
||
| 245 |
_aEconomía : _bfundamentos básicos / |
||
| 260 |
_aCusco : _b[Imprenta Juanitos], _c2011. |
||
| 300 |
_a139 páginas ; _c20.5 cm. |
||
| 505 | _aContenido: Conceptos básicos de economía -- Composición de variables económicas -- Oferta, demanda y mercado -- El papel del estado en la economía -- Oferta, demanda y mercados de productores -- Organización y conducta de las empresas ... | ||
| 650 |
_aEconomía -- Estudio y enseñanza _911631 |
||
| 650 |
_aEconomía básica _911632 |
||
| 942 |
_2ddc _cLIBROS |
||
| 945 | _alccs | ||